[Event "SVK Amateur-ch 2020"]
[Site "Topolcany"]
[Date "2020.07.12"]
[Round "4.9"]
[White "Holly, Andrej"]
[Black "Oprea, Erik"]
[Result "0-1"]
[WhiteElo "2011"]
[BlackElo "2113"]
[Annotator "RC"]
[PlyCount "146"]
[EventDate "2020.07.10"]
[EventType "swiss"]
[EventCountry "SVK"]
[SourceTitle "playchess.com"]
[Source "ChessBase"]
[SourceQuality "1"]
[TimeControl "3600+30"]

1. c4 {[%emt 0:00:00]} d6 {[%emt 0:00:00]} 2. g3 {[%emt 0:00:00]} e5 {[%emt 0:00:00]} 3. Bg2 {[%emt 0:00:02]} Nf6 {[%emt 0:00:11]} 4. Nc3 {[%emt 0:00:12]} c6 {[%emt 0:00:06]} 5. d3 {[%emt 0:00:41]} Be7 {[%emt 0:00:18]} 6. e4 {[%emt 0:00:46]} Nbd7 {[%emt 0:00:32]} 7. Nge2 {[%emt 0:00:20]} Qc7 {[%emt 0:00:38]} 8. O-O {[%emt 0:00:07]} O-O {[%emt 0:00:33]} 9. h3 {[%emt 0:00:43]} a6 {[%emt 0:00:26]} 10. b4 {[%emt 0:04:15]} a5 {[%emt 0:00:58]} 11. b5 {[%emt 0:02:01]} Re8 {[%emt 0:03:08]} 12. Be3 {[%emt 0:00:53]} c5 {[%emt 0:01:47]} 13. f4 {[%emt 0:01:35]} Bf8 {[%emt 0:00:40]} 14. f5 {[%emt 0:01:41]} Nb6 {[%emt 0:01:05]} 15. g4 {[%emt 0:02:13]} h6 {[%emt 0:03:41]} 16. Qe1 {[%emt 0:02:14]} Be7 {[%emt 0:01:28]} 17. Rf3 {[%emt 0:09:11]} Qd8 {[%emt 0:00:45]} 18. Bf2 {[%emt 0:03:35]} Nh7 {[%emt 0:01:34]} 19. h4 {[%emt 0:00:46]} Rf8 {[%emt 0:01:36]} 20. Rh3 {[%emt 0:01:50]} Bd7 {[%emt 0:01:11]} 21. Be3 {[%emt 0:01:15]} f6 {[%emt 0:03:33]} 22. Qg3 {[%emt 0:03:47]} Be8 {[%emt 0:00:37]} 23. Bf3 {[%emt 0:00:58]} Bf7 {[%emt 0:00:50]} 24. Kf2 {[%emt 0:02:25]} a4 {[%emt 0:00:28]} 25. Nd5 {[%emt 0:01:39]} Nxd5 {[%emt 0:05:00]} 26. exd5 {[%emt 0:00:03]} Be8 {[%emt 0:08:07]} 27. Rg1 {[%emt 0:02:59]} a3 {[%emt 0:01:06]} 28. Nc3 {[%emt 0:03:23]} Qa5 {[%emt 0:01:08]} 29. Bd2 {[%emt 0:02:12]} Qb4 {[%emt 0:03:42]} 30. Rb1 {[%emt 0:01:27]} Qa5 {[%emt 0:00:08]} 31. b6 {[%emt 0:02:05]} Ra6 {[%emt 0:02:43]} 32. Ne4 {[%emt 0:02:59]} Qa4 {[%emt 0:00:18]} 33. Rb3 {[%emt 0:01:33]} Qd7 {[%emt 0:01:13]} 34. Rh1 {[%emt 0:00:19]} Qd8 {[%emt 0:02:52]} 35. Rhb1 {[%emt 0:04:33]} Ba4 {[%emt 0:01:25]} 36. Rxa3 {[%emt 0:00:45]} Bc2 {[%emt 0:00:09]} 37. Rxa6 {[%emt 0:00:14]} Bxb1 {[%emt 0:00:09]} 38. Ra3 {[%emt 0:00:09]} Bc2 {[%emt 0:04:07]} 39. Ba5 {[%emt 0:00:53]} Qd7 {[%emt 0:02:13]} 40. Ke3 {[%emt 0:01:39]} Ra8 {[%emt 0:01:22]} 41. Qe1 {[%emt 0:02:37]} Ba4 {[%emt 0:03:18]} 42. Bd1 {[%emt 0:01:07]} Bxd1 {[%emt 0:04:22]} 43. Qxd1 {[%emt 0:00:01]} h5 {[%emt 0:03:59]} 44. Ng3 {[%emt 0:03:10]} hxg4 {[%emt 0:00:31]} 45. Qxg4 {[%emt 0:01:25]} Bd8 {[%emt 0:00:12]} 46. Bb4 {[%emt 0:01:03]} Rxa3 {[%emt 0:00:23]} 47. Bxa3 {[%emt 0:00:03]} Bxb6 {[%emt 0:00:13]} 48. Qg6 {[%emt 0:02:04]} Bd8 {[%emt 0:03:45]} 49. Bc1 {[%emt 0:00:45]} Be7 {[%emt 0:00:52]} 50. Ke4 {[%emt 0:01:58]} Nf8 {[%emt 0:03:11]} 51. Qg4 {[%emt 0:00:36]} Nh7 {[%emt 0:01:18]} 52. Qg6 {[%emt 0:01:13]} Nf8 {[%emt 0:00:05]} 53. Qg4 {[%emt 0:00:21]} Nh7 {[%emt 0:00:58]} 54. Nh5 {[%emt 0:01:15]} Bf8 {[%emt 0:00:47]} 55. Qg6 {[%emt 0:00:46]} Kh8 {[%emt 0:00:57]} 56. Ng3 {[%emt 0:00:35]} Qa4 {[%emt 0:00:15]} 57. Be3 {[%emt 0:00:36]} Qxa2 {[%emt 0:00:07]} 58. Nh5 {[%emt 0:00:16]} Qh2 {[%emt 0:00:37]} 59. Kf3 {[%emt 0:00:46]} Qxh4 {[%emt 0:00:21]} 60. Ng3 {[%emt 0:00:18]} Qh2 {[%emt 0:00:50]} 61. Qf7 {[%emt 0:00:17]} Qc2 {[%emt 0:00:51]} 62. Qxb7 {[%emt 0:00:38]} Qxd3 {[%emt 0:00:08]} 63. Ne4 {[%emt 0:00:30]} Qxc4 {[%emt 0:00:22]} 64. Qa8 {[%emt 0:00:19]} Qf1+ {[%emt 0:00:23]} 65. Bf2 {[%emt 0:00:04]} Qh3+ {[%emt 0:00:17]} 66. Ng3 {[%emt 0:00:29]} Kg8 {[%emt 0:00:25]} 67. Qe8 {[%emt 0:00:23]} Ng5+ {[%emt 0:00:08]} 68. Ke2 {[%emt 0:00:26]} Qg4+ {[%emt 0:00:06]} 69. Kf1 {[%emt 0:00:25]} Qf3 {[%emt 0:00:18]} 70. Qg6 {[%emt 0:00:27]} Nh3 {[%emt 0:00:39]} 71. Nh1 {[%emt 0:01:04]} Qxh1+ {[%emt 0:00:08]} 72. Ke2 {[%emt 0:00:14]} Qe4+ {[%emt 0:00:12]} 73. Kf1 {[%emt 0:00:12]} Qf3 {[%emt 0:00:32]} 0-1

[Event "SVK Amateur-ch 2020"]
[Site "Topolcany"]
[Date "2020.07.12"]
[Round "4.10"]
[White "Balint, Vilmos"]
[Black "Hasterok, Mateusz"]
[Result "0-1"]
[WhiteElo "2143"]
[BlackElo "2056"]
[Annotator "TA"]
[PlyCount "44"]
[EventDate "2020.07.10"]
[EventType "swiss"]
[EventCountry "SVK"]
[SourceTitle "playchess.com"]
[Source "ChessBase"]
[SourceQuality "1"]

{[%evp 17,44,-44,-44,-47,-36,-38,-40,-83,-77,-224,-227,-266,-244,-651,-645,-631,-650,-641,-634,-627,-625,-622,-621,-1957,-1933,-1933,-1901,-1374,-1282]} 1. e4 c5 2. Nf3 Nc6 3. d4 cxd4 4. Nxd4 e6 5. Be3 Nf6 6. Bd3 d5 7. Nxc6 bxc6 8. e5 Nd7 9. f4 Bc5 10. Bxc5 {B44: Sicilian: Taimanov: 5 Nb5.} Nxc5 11. Qd2 Qb6 12. b3 {Black is slightly better.} O-O {[#]} 13. c3 $146 (13. Nc3 $17) ({Predecessor:} 13. Nc3 f6 14. exf6 Rxf6 15. g3 Nxd3+ 16. Qxd3 e5 17. O-O-O Ba6 18. Nxd5 Bxd3 19. Nxb6 axb6 20. fxe5 {½-½ (30) Bochnicka,V (1964)-Dujava,D (2118) Slovakia 2019}) 13... f6 $19 14. exf6 Rxf6 15. Rf1 $2 (15. Bc2) 15... Nxd3+ {Black is clearly winning.} 16. Qxd3 Ba6 {[%mdl 64] Skewer} 17. c4 dxc4 18. bxc4 Rd8 (18... Qb2 $2 19. Qc3 $19) 19. Qc3 {[#] and the idea Nd2 leaves White hopeful.} Bxc4 $1 {[%mdl 576] Deflection} 20. Qxc4 {[#] Threatens to win with Nc3.} Qe3+ $1 ({And not} 20... Qb2 21. Qc3 $14) 21. Qe2 Qc1+ 22. Kf2 Rxf4+ {Black took control after the opening. Accuracy: White = 36%, Black = 100%.} 0-1

[Event "SVK Amateur-ch 2020"]
[Site "Topolcany"]
[Date "2020.07.13"]
[Round "4.10"]
[White "Trasakova Adela"]
[Black "Cedzo Adam"]
[Result "1-0"]
[WhiteElo "1660"]
[BlackElo "1974"]
[Annotator "ChessBase"]
[PlyCount "77"]
[EventDate "2020.07.10"]
[EventType "swiss"]
[EventCountry "SVK"]
[TimeControl "3600+30"]

1. d4 {[%emt 0:00:00]} Nf6 {[%emt 0:00:00]} 2. Nf3 {[%emt 0:00:00]} d6 {[%emt 0:00:36]} 3. Bf4 {[%emt 0:00:39]} g6 {[%emt 0:01:54]} 4. Nbd2 {[%emt 0:00:51]} Bg7 {[%emt 0:00:24]} 5. e4 {[%emt 0:00:48]} Nbd7 {[%emt 0:01:19]} 6. Bc4 {[%emt 0:01:36]} O-O {[%emt 0:00:13]} 7. O-O {[%emt 0:00:49]} Nb6 {[%emt 0:03:58]} 8. Bb3 {[%emt 0:01:13]} Bg4 {[%emt 0:04:05]} 9. c3 {[%emt 0:01:34]} c6 {[%emt 0:05:25]} 10. h3 {[%emt 0:01:51]} Bd7 {[%emt 0:03:06]} 11. e5 {[%emt 0:04:12]} Ne8 {[%emt 0:10:01]} 12. Ng5 {[%emt 0:07:13]} d5 {[%emt 0:02:22]} 13. Bh2 {[%emt 0:04:22]} Nc7 {[%emt 0:09:33]} 14. f4 {[%emt 0:04:39]} f6 {[%emt 0:04:09]} 15. Ngf3 {[%emt 0:03:05]} Nc8 {[%emt 0:03:49]} 16. Qe1 {[%emt 0:05:12]} fxe5 {[%emt 0:02:19]} 17. fxe5 {[%emt 0:03:07]} e6 {[%emt 0:01:18]} 18. Qe3 {[%emt 0:04:30]} Ne7 {[%emt 0:02:57]} 19. g4 {[%emt 0:01:37]} Be8 {[%emt 0:02:23]} 20. Bf4 {[%emt 0:02:56]} Kh8 {[%emt 0:04:33]} 21. Bh6 {[%emt 0:02:39]} Bxh6 {[%emt 0:00:19]} 22. Qxh6 {[%emt 0:00:08]} Ng8 {[%emt 0:01:59]} 23. Qxf8 {[%emt 0:04:38]} Qd7 {[%emt 0:00:30]} 24. Ng5 {[%emt 0:00:30]} h6 {[%emt 0:00:30]} 25. Nf7+ {[%emt 0:03:03]} Kh7 {[%emt 0:00:10]} 26. Qd6 {[%emt 0:01:40]} Qc8 {[%emt 0:02:16]} 27. a4 {[%emt 0:04:40]} Kg7 {[%emt 0:00:30]} 28. Rf2 {[%emt 0:00:30]} Bxf7 {[%emt 0:00:30]} 29. Raf1 {[%emt 0:00:25]} Be8 {[%emt 0:00:04]} 30. Qf8+ {[%emt 0:00:41]} Kh8 {[%emt 0:00:33]} 31. h4 {[%emt 0:01:37]} Qd8 {[%emt 0:00:21]} 32. Rh2 {[%emt 0:00:53]} Bd7 {[%emt 0:01:14]} 33. Qf3 {[%emt 0:01:00]} Be8 {[%emt 0:01:27]} 34. Bc2 {[%emt 0:01:07]} Qe7 {[%emt 0:00:34]} 35. Kh1 {[%emt 0:00:44]} Kg7 {[%emt 0:00:40]} 36. h5 {[%emt 0:00:27]} g5 {[%emt 0:00:57]} 37. Qd3 {[%emt 0:00:19]} Bf7 {[%emt 0:00:54]} 38. Qh7+ {[%emt 0:00:34]} Kf8 {[%emt 0:00:03]} 39. Rg2 {[%emt 0:00:16]} 1-0

[Event "SVK Amateur-ch 2020"]
[Site "Topolcany"]
[Date "2020.07.12"]
[Round "4.11"]
[White "Bochnicka, Vladimir"]
[Black "Matis, Tibor"]
[Result "1/2-1/2"]
[WhiteElo "2092"]
[BlackElo "1939"]
[Annotator "ChessBase"]
[PlyCount "89"]
[EventDate "2020.07.10"]
[EventType "swiss"]
[EventCountry "SVK"]
[SourceTitle "playchess.com"]
[Source "ChessBase"]
[SourceQuality "1"]
[TimeControl "3600+30"]

1. e4 {[%emt 0:00:00]} c5 {[%emt 0:03:41]} 2. Nf3 {[%emt 0:00:00]} Nc6 {[%emt 0:00:06]} 3. d4 {[%emt 0:00:00]} cxd4 {[%emt 0:00:04]} 4. Nxd4 {[%emt 0:00:00]} e5 {[%emt 0:00:06]} 5. Nb5 {[%emt 0:00:00]} d6 {[%emt 0:00:04]} 6. N1c3 {[%emt 0:00:00]} a6 {[%emt 0:00:05]} 7. Na3 {[%emt 0:00:07]} b5 {[%emt 0:00:33]} 8. Nd5 {[%emt 0:00:08]} Nf6 {[%emt 0:00:07]} 9. Bg5 {[%emt 0:00:08]} Be7 {[%emt 0:00:05]} 10. Bxf6 {[%emt 0:00:06]} Bxf6 {[%emt 0:00:06]} 11. c3 {[%emt 0:00:07]} O-O {[%emt 0:00:06]} 12. Nc2 {[%emt 0:00:07]} Bg5 {[%emt 0:00:27]} 13. a4 {[%emt 0:00:52]} Rb8 {[%emt 0:01:53]} 14. axb5 {[%emt 0:01:35]} axb5 {[%emt 0:02:40]} 15. Be2 {[%emt 0:00:39]} Be6 {[%emt 0:01:30]} 16. Nce3 {[%emt 0:01:39]} Bxe3 {[%emt 0:03:22]} 17. Nxe3 {[%emt 0:02:46]} b4 {[%emt 0:01:28]} 18. O-O {[%emt 0:02:43]} bxc3 {[%emt 0:00:12]} 19. bxc3 {[%emt 0:00:06]} Ne7 {[%emt 0:00:20]} 20. Bc4 {[%emt 0:05:16]} Bxc4 {[%emt 0:04:17]} 21. Nxc4 {[%emt 0:00:09]} Qc7 {[%emt 0:00:17]} 22. Ne3 {[%emt 0:04:20]} Qxc3 {[%emt 0:06:16]} 23. Qxd6 {[%emt 0:01:05]} Ng6 {[%emt 0:00:12]} 24. g3 {[%emt 0:05:16]} Rfd8 {[%emt 0:03:12]} 25. Rac1 {[%emt 0:02:02]} Rxd6 {[%emt 0:01:17]} 26. Rxc3 {[%emt 0:00:01]} Rd4 {[%emt 0:00:58]} 27. Rc4 {[%emt 0:03:32]} Rxc4 {[%emt 0:09:10]} 28. Nxc4 {[%emt 0:00:02]} Rc8 {[%emt 0:00:34]} 29. Nb6 {[%emt 0:00:35]} Rc6 {[%emt 0:04:51]} 30. Nd5 {[%emt 0:00:10]} Rc4 {[%emt 0:00:15]} 31. Rb1 {[%emt 0:00:13]} f6 {[%emt 0:01:33]} 32. Rb4 {[%emt 0:00:16]} Rxb4 {[%emt 0:00:18]} 33. Nxb4 {[%emt 0:00:02]} Kf7 {[%emt 0:00:12]} 34. Kf1 {[%emt 0:00:35]} Ke6 {[%emt 0:00:33]} 35. Ke2 {[%emt 0:00:17]} Nf8 {[%emt 0:00:27]} 36. Ke3 {[%emt 0:00:12]} Nd7 {[%emt 0:00:18]} 37. Nd5 {[%emt 0:00:56]} Nc5 {[%emt 0:01:02]} 38. f3 {[%emt 0:01:31]} Kd6 {[%emt 0:00:47]} 39. f4 {[%emt 0:01:06]} Ke6 {[%emt 0:01:58]} 40. f5+ {[%emt 0:00:29]} Kd6 {[%emt 0:00:04]} 41. g4 {[%emt 0:00:10]} h6 {[%emt 0:00:54]} 42. Nc3 {[%emt 0:00:29]} Ke7 {[%emt 0:00:57]} 43. Ne2 {[%emt 0:00:06]} Kd6 {[%emt 0:02:19]} 44. Ng3 {[%emt 0:01:44]} Ke7 {[%emt 0:01:21]} 45. Ne2 {[%emt 0:00:12]} 1/2-1/2

[Event "SVK Amateur-ch 2020"]
[Site "Topolcany"]
[Date "2020.07.13"]
[Round "4.11"]
[White "Mrkvik Jan"]
[Black "Pietrzak, Tomasz"]
[Result "0-1"]
[WhiteElo "1942"]
[BlackElo "1896"]
[Annotator "TA"]
[PlyCount "70"]
[EventDate "2020.07.10"]
[EventType "swiss"]
[EventCountry "SVK"]

{[%evp 14,70,4,-2,-3,-19,-8,-79,-69,-87,-66,-48,-47,-90,-59,-75,-83,-228,-219,-360,-222,-246,-191,-200,-183,-497,-196,-295,-191,-239,-253,-235,-247,-245,-225,-229,-219,-336,-333,-366,-346,-367,-352,-331,-238,-228,-215,-263,-257,-272,-273,-499,-499,-469,-320,-380,-417,-408,-388]} 1. d4 Nf6 2. Nf3 e6 3. c4 Bb4+ 4. Bd2 Qe7 5. a3 Bxd2+ 6. Nbxd2 d6 7. e3 O-O 8. Bd3 e5 {E11: Bogo-Indian.} 9. dxe5 dxe5 {[#]} 10. e4 $146 (10. Qc2 $11) ({Predecessor:} 10. Qc2 Rd8 11. Ng5 h6 12. Nge4 Nbd7 13. O-O a5 14. b3 Nc5 15. Nxc5 Qxc5 16. Ne4 Nxe4 17. Bxe4 {½-½ (58) Ferreira Filho,J (1743)-Lima,A (1943) Fortaleza 2019}) 10... a5 {Black is better.} 11. O-O Na6 12. Qc2 Nc5 13. Rad1 a4 14. h3 Nh5 {And now ...Bxh3! would win.} 15. Nb1 {This costs White the game.} (15. Rfe1 $17) 15... Nf4 $19 {Threatens to win with ...Bxh3.} 16. Be2 (16. Nc3 {might work better.} Nfxd3 17. Rxd3) 16... Qf6 17. h4 {[#]} Qg6 $1 {[%csl Gf4][%cal Rg6g2][%mdl 512]} 18. g3 f6 (18... Nxe4 19. Nxe5 Nh3+ 20. Kg2 $11) 19. Rfe1 $2 (19. Nc3) 19... Bg4 $2 (19... Nh3+ 20. Kg2 Nxf2 $1 {[%mdl 512]}) 20. Kh2 (20. Nc3 $142) 20... Nfe6 ({Inferior is} 20... Qxe4 21. Qxe4 Nxe4 22. gxf4 $14) ({Worse is} 20... Nxe4 21. gxf4 Qf5 22. Kg1 $11) 21. Nc3 {[#]} Bxf3 $1 22. Bxf3 Nd4 23. Rxd4 exd4 24. Nd5 {Strongly threatening Ne7+.} Qf7 25. Qd2 (25. Nf4 {keeps fighting.}) 25... c6 26. Nf4 Qxc4 27. Be2 d3 $1 {[%cal Rd3e2]} 28. Nxd3 Nxd3 ({Much less strong is} 28... Nxe4 29. Qf4 $19) 29. Bxd3 Qd4 30. Qe2 Rad8 31. Rd1 {Hoping for Bc4+.} Kh8 32. f3 $2 (32. Qc2 {is a better defense.}) 32... c5 33. Qc2 Qe3 34. Be2 Rxd1 35. Qxd1 Qd4 {Accuracy: White = 28%, Black = 61%.} 0-1

[Event "SVK Amateur-ch 2020"]
[Site "Topolcany"]
[Date "2020.07.12"]
[Round "4.12"]
[White "Joba, Arpad"]
[Black "Meers, Hubert"]
[Result "1/2-1/2"]
[WhiteElo "2124"]
[BlackElo "2037"]
[Annotator "ChessBase"]
[PlyCount "110"]
[EventDate "2020.07.10"]
[EventType "swiss"]
[EventCountry "SVK"]
[SourceTitle "playchess.com"]
[Source "ChessBase"]
[SourceQuality "1"]
[TimeControl "3600+30"]

1. e4 {[%emt 0:01:43]} c6 {[%emt 0:00:00]} 2. d4 {[%emt 0:01:01]} g6 {[%emt 0:00:00]} 3. Nc3 {[%emt 0:01:19]} d5 {[%emt 0:00:06]} 4. exd5 {[%emt 0:00:48]} cxd5 {[%emt 0:00:11]} 5. Nf3 {[%emt 0:00:31]} Nf6 {[%emt 0:01:56]} 6. Bf4 {[%emt 0:01:37]} a6 {[%emt 0:02:02]} 7. Be2 {[%emt 0:01:07]} Bg7 {[%emt 0:00:16]} 8. O-O {[%emt 0:00:07]} Bg4 {[%emt 0:06:36]} 9. Ne5 {[%emt 0:06:28]} Bxe2 {[%emt 0:00:55]} 10. Nxe2 {[%emt 0:01:19]} O-O {[%emt 0:03:45]} 11. a4 {[%emt 0:01:56]} Nc6 {[%emt 0:00:25]} 12. Nxc6 {[%emt 0:02:45]} bxc6 {[%emt 0:02:19]} 13. Nc1 {[%emt 0:00:07]} Nh5 {[%emt 0:17:15]} 14. Bg5 {[%emt 0:02:30]} Qd6 {[%emt 0:01:17]} 15. Re1 {[%emt 0:08:35]} e5 {[%emt 0:07:41]} 16. dxe5 {[%emt 0:06:31]} Bxe5 {[%emt 0:00:06]} 17. h3 {[%emt 0:01:05]} Bxb2 {[%emt 0:06:30]} 18. Be7 {[%emt 0:01:24]} Qd7 {[%emt 0:00:42]} 19. Rb1 {[%emt 0:05:29]} Rfe8 {[%emt 0:00:13]} 20. Nd3 {[%emt 0:02:14]} Rxe7 {[%emt 0:06:41]} 21. Rxb2 {[%emt 0:01:03]} Nf6 {[%emt 0:02:28]} 22. Nc5 {[%emt 0:02:21]} Qd6 {[%emt 0:05:05]} 23. Rxe7 {[%emt 0:01:37]} Qxe7 {[%emt 0:00:01]} 24. Qd4 {[%emt 0:00:08]} Nd7 {[%emt 0:00:32]} 25. Nxd7 {[%emt 0:01:10]} Qxd7 {[%emt 0:00:01]} 26. Rb6 {[%emt 0:00:48]} Qc7 {[%emt 0:00:46]} 27. Qc5 {[%emt 0:04:47]} Re8 {[%emt 0:00:53]} 28. g3 {[%emt 0:01:11]} Re1+ {[%emt 0:04:05]} 29. Kh2 {[%emt 0:01:23]} Qe7 {[%emt 0:00:50]} 30. Qc3 {[%emt 0:04:39]} Qe5 {[%emt 0:00:36]} 31. Qxe5 {[%emt 0:00:40]} Rxe5 {[%emt 0:00:01]} 32. Rxc6 {[%emt 0:01:30]} Re4 {[%emt 0:00:09]} 33. a5 {[%emt 0:00:22]} Kf8 {[%emt 0:01:16]} 34. Rxa6 {[%emt 0:01:33]} Rc4 {[%emt 0:00:24]} 35. Rd6 {[%emt 0:00:04]} Rxc2 {[%emt 0:00:06]} 36. Kg2 {[%emt 0:01:48]} Rc5 {[%emt 0:00:09]} 37. a6 {[%emt 0:02:14]} Ke7 {[%emt 0:01:14]} 38. Rb6 {[%emt 0:00:06]} Ra5 {[%emt 0:00:04]} 39. Rb7+ {[%emt 0:00:46]} Ke6 {[%emt 0:00:14]} 40. a7 {[%emt 0:00:19]} Ra3 {[%emt 0:00:13]} 41. f4 {[%emt 0:01:49]} h5 {[%emt 0:01:19]} 42. Kf2 {[%emt 0:00:31]} d4 {[%emt 0:00:24]} 43. Ke2 {[%emt 0:00:32]} Kf6 {[%emt 0:00:54]} 44. g4 {[%emt 0:00:40]} hxg4 {[%emt 0:00:13]} 45. hxg4 {[%emt 0:00:05]} Ke6 {[%emt 0:00:50]} 46. Kd2 {[%emt 0:00:25]} d3 {[%emt 0:00:05]} 47. Ke3 {[%emt 0:01:08]} f6 {[%emt 0:00:30]} 48. Rg7 {[%emt 0:00:28]} g5 {[%emt 0:00:50]} 49. f5+ {[%emt 0:00:31]} Kd6 {[%emt 0:00:36]} 50. Rf7 {[%emt 0:00:44]} d2+ {[%emt 0:00:29]} 51. Kxd2 {[%emt 0:00:08]} Ke5 {[%emt 0:00:04]} 52. Rb7 {[%emt 0:01:18]} Kf4 {[%emt 0:00:15]} 53. Rb4+ {[%emt 0:00:03]} Ke5 {[%emt 0:00:09]} 54. Rb7 {[%emt 0:01:02]} Kf4 {[%emt 0:00:11]} 55. Rb4+ {[%emt 0:00:04]} Ke5 1/2-1/2

[Event "SVK Amateur-ch 2020"]
[Site "Topolcany"]
[Date "2020.07.13"]
[Round "4.12"]
[White "Kulhanek, Jachym"]
[Black "Slovak, Pavol"]
[Result "1-0"]
[WhiteElo "1926"]
[BlackElo "1618"]
[Annotator "ChessBase"]
[PlyCount "77"]
[EventDate "2020.07.10"]
[EventType "swiss"]
[EventCountry "SVK"]
[TimeControl "3600+30"]

1. e4 {[%emt 0:00:00]} Nc6 {[%emt 0:03:49]} 2. Nf3 {[%emt 0:01:39]} f5 {[%emt 0:00:06]} 3. exf5 {[%emt 0:01:04]} d5 {[%emt 0:00:04]} 4. d4 {[%emt 0:00:27]} Bxf5 {[%emt 0:00:09]} 5. a3 {[%emt 0:02:48]} Nf6 {[%emt 0:00:08]} 6. Nc3 {[%emt 0:07:09]} g6 {[%emt 0:00:30]} 7. Bb5 {[%emt 0:02:13]} a6 {[%emt 0:00:50]} 8. Bd3 {[%emt 0:01:02]} Qd7 {[%emt 0:01:52]} 9. Bf4 {[%emt 0:03:57]} Bg4 {[%emt 0:00:51]} 10. Be2 {[%emt 0:01:07]} Bg7 {[%emt 0:01:54]} 11. Ne5 {[%emt 0:03:25]} Nxe5 {[%emt 0:00:43]} 12. Bxe5 {[%emt 0:00:42]} O-O {[%emt 0:00:37]} 13. h3 {[%emt 0:03:16]} Bxe2 {[%emt 0:00:23]} 14. Qxe2 {[%emt 0:00:55]} Nh5 {[%emt 0:01:07]} 15. Bxg7 {[%emt 0:02:30]} Nxg7 {[%emt 0:00:31]} 16. O-O-O {[%emt 0:01:26]} Rf6 {[%emt 0:01:26]} 17. Rhe1 {[%emt 0:01:42]} e6 {[%emt 0:01:05]} 18. Qd2 {[%emt 0:01:13]} Raf8 {[%emt 0:00:30]} 19. f3 {[%emt 0:00:20]} Nf5 {[%emt 0:02:09]} 20. Kb1 {[%emt 0:01:28]} Nd6 {[%emt 0:00:41]} 21. b3 {[%emt 0:00:44]} Qc6 {[%emt 0:00:28]} 22. Re2 {[%emt 0:02:06]} Nf5 {[%emt 0:03:21]} 23. Rde1 {[%emt 0:00:53]} Qb6 {[%emt 0:05:14]} 24. Rd1 {[%emt 0:01:25]} Nd6 {[%emt 0:00:43]} 25. Na4 {[%emt 0:00:35]} Qb5 {[%emt 0:02:08]} 26. Ka2 {[%emt 0:08:59]} Nc4 {[%emt 0:05:12]} 27. Qe1 {[%emt 0:01:43]} Re8 {[%emt 0:02:27]} 28. Nc3 {[%emt 0:01:43]} Qc6 {[%emt 0:01:20]} 29. bxc4 {[%emt 0:01:12]} Qxc4+ {[%emt 0:00:05]} 30. Ka1 {[%emt 0:01:55]} e5 {[%emt 0:00:28]} 31. Rxe5 {[%emt 0:03:30]} Rxe5 {[%emt 0:01:11]} 32. dxe5 {[%emt 0:00:05]} Rc6 {[%emt 0:00:42]} 33. Nxd5 {[%emt 0:01:49]} Qc5 {[%emt 0:02:15]} 34. Nb4 {[%emt 0:03:26]} Rb6 {[%emt 0:03:07]} 35. Rd8+ {[%emt 0:01:02]} Kg7 {[%emt 0:00:25]} 36. e6 {[%emt 0:00:59]} a5 {[%emt 0:01:23]} 37. e7 {[%emt 0:01:43]} axb4 {[%emt 0:01:37]} 38. e8=Q {[%emt 0:00:27]} bxa3 {[%emt 0:00:29]} 39. Q8e5+ {[%emt 0:00:45]} 1-0

[Event "SVK Amateur-ch 2020"]
[Site "Topolcany"]
[Date "2020.07.12"]
[Round "4.13"]
[White "Brnusak, Tomas"]
[Black "Kapusta, Petr"]
[Result "0-1"]
[WhiteElo "2028"]
[BlackElo "2115"]
[Annotator "ChessBase"]
[PlyCount "112"]
[EventDate "2020.07.10"]
[EventType "swiss"]
[EventCountry "SVK"]
[SourceTitle "playchess.com"]
[Source "ChessBase"]
[SourceQuality "1"]
[TimeControl "3600+30"]

1. d4 {[%emt 0:00:00]} Nf6 {[%emt 0:00:00]} 2. c4 {[%emt 0:00:09]} g6 {[%emt 0:00:00]} 3. Nc3 {[%emt 0:00:29]} Bg7 {[%emt 0:00:00]} 4. e4 {[%emt 0:00:46]} d6 {[%emt 0:00:00]} 5. h3 {[%emt 0:00:35]} O-O {[%emt 0:00:09]} 6. Be3 {[%emt 0:00:20]} e5 {[%emt 0:00:37]} 7. d5 {[%emt 0:00:22]} Nbd7 {[%emt 0:01:07]} 8. g4 {[%emt 0:00:48]} Nc5 {[%emt 0:00:59]} 9. Bg2 {[%emt 0:00:41]} a5 {[%emt 0:00:26]} 10. Nge2 {[%emt 0:01:50]} h5 {[%emt 0:03:55]} 11. g5 {[%emt 0:06:45]} Nh7 {[%emt 0:04:07]} 12. h4 {[%emt 0:01:05]} f5 {[%emt 0:01:34]} 13. f3 {[%emt 0:00:24]} b6 {[%emt 0:03:36]} 14. Qc2 {[%emt 0:03:31]} fxe4 {[%emt 0:06:13]} 15. fxe4 {[%emt 0:00:13]} Bg4 {[%emt 0:00:32]} 16. Rh2 {[%emt 0:17:19]} Qd7 {[%emt 0:01:38]} 17. O-O-O {[%emt 0:02:47]} Rf7 {[%emt 0:00:18]} 18. Rg1 {[%emt 0:00:59]} Qe7 {[%emt 0:06:43]} 19. Ng3 {[%emt 0:04:03]} Nf8 {[%emt 0:04:08]} 20. Nb5 {[%emt 0:02:34]} Na6 {[%emt 0:00:33]} 21. a3 {[%emt 0:01:33]} Nd7 {[%emt 0:00:15]} 22. Nf1 {[%emt 0:00:07]} Ndc5 {[%emt 0:01:20]} 23. Bh3 {[%emt 0:02:59]} Bxh3 {[%emt 0:04:46]} 24. Rxh3 {[%emt 0:00:02]} Raf8 {[%emt 0:00:10]} 25. Nd2 {[%emt 0:00:25]} a4 {[%emt 0:00:33]} 26. Kd1 {[%emt 0:05:02]} Qd7 {[%emt 0:03:44]} 27. Rhg3 {[%emt 0:00:08]} c6 {[%emt 0:00:53]} 28. Nc3 {[%emt 0:01:41]} cxd5 {[%emt 0:01:30]} 29. Nxd5 {[%emt 0:00:06]} Qb7 {[%emt 0:03:52]} 30. b4 {[%emt 0:04:27]} axb3 {[%emt 0:01:49]} 31. Nxb3 {[%emt 0:00:02]} Rf1+ {[%emt 0:00:25]} 32. Ke2 {[%emt 0:00:37]} Rxg1 {[%emt 0:01:15]} 33. Bxg1 {[%emt 0:00:29]} Qf7 {[%emt 0:00:29]} 34. Nd2 {[%emt 0:00:08]} Ne6 {[%emt 0:01:23]} 35. Kd1 {[%emt 0:04:20]} Nac5 {[%emt 0:00:54]} 36. Rf3 {[%emt 0:00:53]} Nf4 {[%emt 0:00:29]} 37. Bxc5 {[%emt 0:00:13]} bxc5 {[%emt 0:00:31]} 38. a4 {[%emt 0:00:08]} Qe6 {[%emt 0:03:15]} 39. Ne3 {[%emt 0:01:41]} Ra8 {[%emt 0:02:11]} 40. Nb1 {[%emt 0:00:43]} Qd7 {[%emt 0:01:12]} 41. Nc3 {[%emt 0:00:07]} Ne6 {[%emt 0:00:26]} 42. Rf1 {[%emt 0:05:23]} Nd4 {[%emt 0:00:20]} 43. Qf2 {[%emt 0:00:03]} Qb7 {[%emt 0:03:12]} 44. Qa2 {[%emt 0:00:17]} Qd7 {[%emt 0:01:01]} 45. Qb2 {[%emt 0:00:36]} Qh3 {[%emt 0:02:49]} 46. Ncd5 {[%emt 0:02:30]} Rxa4 {[%emt 0:01:49]} 47. Nf6+ {[%emt 0:00:09]} Bxf6 {[%emt 0:00:38]} 48. gxf6 {[%emt 0:00:20]} Ra8 {[%emt 0:01:41]} 49. f7+ {[%emt 0:03:05]} Kf8 {[%emt 0:00:01]} 50. Qc3 {[%emt 0:00:31]} Rb8 {[%emt 0:00:54]} 51. Qa3 {[%emt 0:00:17]} Qh2 {[%emt 0:01:51]} 52. Kc1 {[%emt 0:00:34]} Nb3+ {[%emt 0:00:36]} 53. Kb1 {[%emt 0:00:15]} Nd2+ {[%emt 0:00:13]} 54. Ka1 {[%emt 0:00:06]} Nxf1 {[%emt 0:00:55]} 55. Nxf1 {[%emt 0:00:23]} Qf2 {[%emt 0:00:20]} 56. Ne3 {[%emt 0:01:12]} Qe1+ {[%emt 0:00:13]} 0-1